000 00567nam a2200241 a 4500
001 nice12345678
003 IN_TiNIC
005 20260116012514.0
008 050524s1981 dela grp 000 0 eng
020 _a
_c28
082 0 0 _a297
_bALI1
100 _aAli, B Shek
245 _aIslam
_b a Cultural Orientation.
260 _aDelhi
_bMacmillan Company
_c1981
300 _a160p
500 _aincludes index and biblioraphy
505 2 _aIndex
650 _aIslam and Culture
700 1 _aAli, B Shek
902 _bSRS
942 _cBK
999 _c7269
_d7269